Ludmila Aržaniková

Bibliographic Details
Main Author: (kar) (Author)
Format: Article
Language:Slovak
PhysicalDescription:Obr. 1.
Subjects:

MARC

LEADER 00000nab a2200000 a 4500
001 vtls000199659
003 SK-MaSNL
005 20260302201320.0
008 111106c1984 xo 0 slo
015 |a SNBRB19rr/mm-uuuuu 
035 |a CL0209772 
040 |a SNKBUCL  |b slo  |c SNKBUCL  |e AACR2 
041 0 |a slo 
044 |a xo  |c SK 
080 |a 799.32.077  |2 1981 
080 |a 929 Aržanikova, Ludmila  |2 1981 
100 1 |a (kar)  |4 aut  |9 921436 
245 1 0 |a Ludmila Aržaniková  |c (kar) 
300 |b Obr. 1. 
650 0 7 |a Aržanikova, Ludmila  |2 snkbucl  |9 921437 
655 7 |a články z novín a časopisov  |2 snkbucl  |9 267496 
773 0 |t Štart  |g Roč. 29, č. 38 (1984), s. 32 
850 |a Slovenská národná knižnica v Martine  |a MTA001 
852 |a SNK  |b KIS3GCP 
958 |a RK 
992 |a RBX 
999 |c 1460409  |d 1462339